Logo BPK

Biblioteka

Politechniki Koszalińskiej

Introduction to artificial intelligence / (Rekord nr 23533)

Szczegóły MARC
000 -ETYKIETA REKORDU
podpole kontrolne o stałej długości 00455nam a2200169 i 4500
001 - NUMER KONTROLNY REKORDU
pole kontrolne bg
040 ## - ŹRÓDŁO KATALOGOWANIA
Instytucja, która utworzyła rekord BPK
041 ## - KOD JĘZYKA
Kod języka tekstu pol
080 ## - UNIWERSALNA KLASYFIKACJA DZIESIĘTNA - UKD
UKD 001.5:007:004.032
008 - POLE O STAŁEJ DŁUGOŚCI - DANE KONTROLNE
podpole kontrolne o stałej długości s pl f |000 0 pol
100 1# - NAZWA OSOBOWA
Nazwa osobowa CHARNIAK, Eugene
245 #0 - TYTUŁ/ODPOWIEDZIALNOŚĆ
Tytuł Introduction to artificial intelligence /
Pozostałe elementy strefy tytułu i oznaczenia odpowiedzialności E. Charniak, D. McDermott.
260 ## - STREFA ADRESU WYDAWNICZEGO
Miejsce wydania Reading :
Nazwa wydawcy/dystrybutora Addison-Wesley,
Data publikacji, dystrybucji/powstania dokumentu 1985.
650 #9 - HASŁO PRZEDMIOTOWE W FORMIE NAZWY OGÓLNEJ LUB JEDNOSTKOWEJ
Nazwa ogólna lub geograficzna Inteligencja sztuczna
700 1# - HASŁO DODATKOWE - NAZWA OSOBOWA
Nazwa osobowa McDERMOTT, Drew
856 ## - LOKALIZACJA I DOSTĘP DO ELEKTRONICZNYCH DOKUMENTÓW ZDALNYCH
Link (URL) http://koha.tu.koszalin.pl/cgi-bin/koha/opac-detail.pl?biblionumber=23533
Tekst linku Katalog online BPK
942 ## - DODATKOWE ELEMENTY (KOHA)
Typ dokumentu Książka
Egzemplarze
Wycofany Status egzemplarza Uszkodzony Dostępność Lokalizacja stała Lokalizacja bieżąca Miejsce przechowywania Sygnatura Kod kreskowy Typ dokumentu
      Dostępny Biblioteka Politechniki Koszalińskiej Biblioteka Politechniki Koszalińskiej Wypożyczalnia BG 33663 02032818 Książka
© 2023 Biblioteka Politechniki Koszalińskiej :: KOHA